MARC details
| 000 -CABECERA |
| campo de control de longitud fija |
01300nam a22002417a 4500 |
| 003 - IDENTIFICADOR DEL NÚMERO DE CONTROL |
| campo de control |
DO-SdBNP |
| 005 - FECHA Y HORA DE LA ÚLTIMA TRANSACCIÓN |
| campo de control |
20221115084901.0 |
| 007 - CAMPO FIJO DE DESCRIPCIÓN FÍSICA--INFORMACIÓN GENERAL |
| campo de control de longitud fija |
ta |
| 008 - DATOS DE LONGITUD FIJA--INFORMACIÓN GENERAL |
| campo de control de longitud fija |
210525e2016 dr ||||er|||| 001 m spa d |
| 020 ## - NÚMERO INTERNACIONAL ESTÁNDAR DEL LIBRO |
| Número Internacional Estándar del Libro |
9789945498745 |
| 040 ## - FUENTE DE LA CATALOGACIÓN |
| Centro catalogador/agencia de origen |
DO-SdBNP |
| Lengua de catalogación |
spa |
| Centro/agencia transcriptor |
BNPHU |
| 041 ## - CÓDIGO DE LENGUA |
| Código de lengua original |
spa |
| 082 #4 - NÚMERO DE LA CLASIFICACIÓN DECIMAL DEWEY |
| Número de documento/Ítem |
C965L |
| Número de edición |
22 |
| 100 1# - ENTRADA PRINCIPAL--NOMBRE DE PERSONA |
| 9 (RLIN) |
9459 |
| Nombre de persona |
Cuevas, Julio, |
| Fechas asociadas al nombre |
1955 |
| 245 14 - MENCIÓN DE TÍTULO |
| Título |
Las identidades en "Juan Criollo y otras antielegías", de Víctor Villegas / |
| Mención de responsabilidad, etc. |
Julio Cuevas ; pról. Mary Sol de Mora |
| 260 ## - PUBLICACIÓN, DISTRIBUCIÓN, ETC. |
| Lugar de publicación, distribución, etc. |
Santo Domingo : |
| Nombre del editor, distribuidor, etc. |
Universitaria, UASD, |
| Fecha de publicación, distribución, etc. |
2016. |
| 300 ## - DESCRIPCIÓN FÍSICA |
| Extensión |
305 p. ; |
| Dimensiones |
22 cm. |
| 505 0# - NOTA DE CONTENIDO CON FORMATO |
| Nota de contenido con formato |
1. Filosofía y literatura -- |
| Título |
2. Ironía e idientidad en Juan Criollo y otras antielegías-- |
| -- |
3. Juan Criollo y otras antielegías y sus identidades, a partir de la evocación de los mitos poetizados-- |
| -- |
4. Lo dialógico en el discurso identitario y poético de Juan Criollo y otras antielegías-- |
| -- |
5. Predominio del ritmo en el texto-- |
| -- |
6. La búsqueda de las identidades en Juan Criollo y otras antielegías-- |
| -- |
7. Narrativa y cotidianidad en Juan Ciollo y otras antielegías-- |
| -- |
8. Memoria y universalidad en una poética de las trans-identidades-- |
| -- |
Breves datos biográficos del autor. |
| 590 ## - NOTA LOCAL (RLIN) |
| Nota local |
Inventariado, 2021/MF |
| 700 1# - PUNTO DE ACCESO ADICIONAL--NOMBRE DE PERSONA |
| Nombre de persona |
Sol de Mora, Mary, |
| Término indicativo de función/relación |
pról. |
| 9 (RLIN) |
78664 |
| 910 ## - DATOS DE OPCIÓN DEL USUARIO (OCLC) |
| Datos de opción del usuario |
Mfeliz |
| 942 ## - ELEMENTOS DE PUNTO DE ACCESO ADICIONAL (KOHA) |
| Fuente del sistema de clasificación o colocación |
Dewey Decimal Classification |
| Tipo de ítem Koha |
Libro |